Countries by Third Largest Cities - Statistics

General Stats
  • This quiz has been taken 819 times
    608 since last reset
  • The average score is 24 of 33
Answer Stats
city country % Correct
Beijing China
99%
Chicago United States
99%
Hamburg Germany
97%
Manchester United Kingdom
97%
Brisbane Australia
96%
Rome Italy
96%
Vancouver Canada
95%
Marseille France
95%
Valencia (Europe) Spain
93%
Kolkata India
90%
Belo Horizonte Brazil
86%
Nizhny Novgorod Russia
85%
Donetsk Ukraine
84%
Nagoya Japan
82%
Fes Morocco
82%
Izmir Turkey
81%
Monterrey Mexico
80%
Durban South Africa
80%
Faisalabad Pakistan
77%
Cali Colombia
74%
Basra Iraq
72%
Surabaya Indonesia
67%
Daegu South Korea
65%
Isfahan Iran
63%
Rosario Argentina
61%
Taichung Taiwan
60%
Valencia (non-Europe) Venezuela
54%
Davao Philippines
49%
Ibadan Nigeria
48%
Dammam Saudi Arabia
47%
Cochabamba Bolivia
39%
Mbuji-Mayi Dem Rep of Congo
32%
Khulna Bangladesh
21%
No matching quizzes found
Score Distribution
Percent of People with Each Score
Percentile by Number Answered
Your Score History
You have not taken this quiz since the last reset